| 000 | 01983cam a22005414i 4500 | ||
|---|---|---|---|
| 003 | PE-LiUPU | ||
| 005 | 20250731165517.0 | ||
| 008 | 191105s2018 mx a rb 000 0 spa d | ||
| 020 | _a6075266526 | ||
| 020 | _a9786075266527 | ||
| 035 | _a(Sirsi) a252657 | ||
| 040 |
_aPE-LiUPU _bspa _cPE-LiUPU _erda |
||
| 049 | _aPRUA | ||
| 082 | 0 | 4 |
_a001.42 _bM26 _220 |
| 100 | 1 |
_aMartínez Ruiz, Héctor, _eautor. |
|
| 245 | 1 | 0 |
_aMetodología de la investigación / _cHéctor Martínez Ruiz ; revisión técnica Ma. Alejandra Méndez Covarrubias. |
| 264 | 1 |
_aMéxico : _bCengage, _c2018. |
|
| 300 |
_aviii, 200 páginas : _bilustraciones ; _c25 centímetros |
||
| 336 |
_atext _2rdacontent |
||
| 337 |
_aunmediated _2rdamedia |
||
| 338 |
_avolume _2rdacarrier |
||
| 504 | _aBibliografía al finala de cada capítulo. | ||
| 505 | 0 | _aIntroducción a la metodología de la investigación -- Protocolo y diseño de la metología de la investigación -- Análisis de reesultados y conclusiones del proyecto de investigación. | |
| 526 | _aSEG44 | ||
| 526 | _aSEG26 | ||
| 526 | _aP151 | ||
| 526 | _aP150 | ||
| 526 | _aP149 | ||
| 526 | _aP146 | ||
| 526 | _aP145 | ||
| 526 | _aP126 | ||
| 526 | _aP125 | ||
| 526 | _aP92 | ||
| 526 | _aP75 | ||
| 526 | _aP74 | ||
| 526 | _aP27 | ||
| 526 | _aP15 | ||
| 541 | _g004-00026; | ||
| 650 | 0 | 7 |
_aInvestigación _xMetodologia |
| 650 | 0 | 4 |
_aInvestigación _xMetodologia _xLibros de texto |
| 700 | 1 |
_aMéndez Covarrubias, Ma. Alejandra, _revisión técnica. |
|
| 910 |
_adbm _bncf _cncf _d20191105 |
||
| 942 |
_2ddc _cBOOK |
||
| 994 |
_aC0 _bPEPRU |
||
| 598 | _aCATALOGING | ||
| 596 | _a1 | ||
| 999 |
_a001.42 M26 _wDEWEY _c31885 _i80815 _f2021-11-4 _g3 _lCCODEBUL1 _mBUL _p37.99 _r0 _sY _tBOOK _u2019-11-5 _xBIBLIOTECA _zTO-MENCIÓN _0COMPRA _1FCOMPR4 _o.STAFF. Colección Ciencias Humanas y Educación _d31885 |
||
| 980 |
_81 _gALBERTO SANCHEZ Responsable de Automatización |
||